[Event "Tirol Landesliga 2223"]
[Site "Austria"]
[Date "2023.03.11"]
[Round "7.6"]
[White "Heinz Leisenheimer, Matthias"]
[Black "Meudt, Markus"]
[Result "1/2-1/2"]
[WhiteElo "1971"]
[BlackElo "2033"]
[PlyCount "32"]
[EventDate "2022.10.01"]
[EventType "team-tourn"]
[EventRounds "9"]
[EventCountry "AUT"]
[SourceTitle "EXT 2024"]
[Source "ChessBase"]
[SourceDate "2023.10.10"]
[SourceVersion "1"]
[SourceVersionDate "2023.10.10"]
[SourceQuality "1"]
[WhiteTeam "Schach ohne Grenzen"]
[BlackTeam "Absam"]
[WhiteTeamCountry "AUT"]
[BlackTeamCountry "AUT"]

1. d4 Nf6 2. c4 g6 3. Nc3 Bg7 4. e4 0-0 5. f3 Nc6 6. Be3 e5 7. d5 Nd4 8. Nge2 c5 9. dxc6 dxc6 10. Qd2 c5 11. Nd5 Nxd5 12. cxd5 f5 13. Bg5 Bf6 14. Bh6 Bg7 15. Bg5 Bf6 16. Bh6 Bg7 1/2-1/2

[Event "Oberbayern-ch"]
[Site "Waldkraiburg"]
[Date "2008.05.03"]
[Round "5"]
[White "Jergler, Karl Heinz"]
[Black "Heinz Leisenheimer, Matthias"]
[Result "1-0"]
[WhiteElo "2217"]
[BlackElo "2091"]
[PlyCount "95"]
[EventDate "2008.05.01"]
[EventType "swiss"]
[EventRounds "7"]
[EventCountry "GER"]
[SourceTitle "EXT 2022"]
[Source "ChessBase"]
[SourceDate "2021.10.06"]
[SourceVersion "1"]
[SourceVersionDate "2021.10.06"]
[SourceQuality "1"]

1. e4 e6 2. d4 d5 3. Nc3 Bb4 4. e5 Ne7 5. Bd2 b6 6. Nf3 Ba6 7. Bxa6 Nxa6 8. Qe2 Qc8 9. 0-0 0-0 10. Nb5 Bxd2 11. Nxd2 Nb4 12. c3 Nbc6 13. Na3 a5 14. Nc2 Qa6 15. Qxa6 Rxa6 16. Ne3 h5 17. f4 g6 18. Nf3 a4 19. g4 hxg4 20. Nxg4 Kg7 21. Kf2 Na5 22. h4 Rh8 23. Rh1 Nc4 24. Rab1 c5 25. Nf6 Raa8 26. h5 cxd4 27. h6+ Kf8 28. cxd4 Nf5 29. h7 Kg7 30. Rhc1 Nfd6 31. Ng5 Ne8 32. Nxe8+ Rhxe8 33. Ke2 f6 34. exf6+ Kxf6 35. b3 e5 36. bxc4 exf4+ 37. Kf2 Kxg5 38. Rxb6 Kf5 39. Rb5 Ra7 40. Rxd5+ Kf6 41. Rh1 Rh8 42. Rd6+ Kf5 43. Re1 Kg4 44. Rxg6+ Kf5 45. Rd6 Rhxh7 46. Re5+ Kg4 47. Rg6+ Kh4 48. Re1 1-0